000 00451nam a2200181Ia 4500
001 13159
005 20260306163033.0
008 260306t2015||||xx |||||||||||||| ||spa||
041 _aESP
082 _a001.01
_bV935
100 _aVelázquez Mastretta, Gustavo
_eAUT
245 0 _aTeoría y sinergía del conocimiento
260 _c2015
300 _axxvi, 327 páginas :
_c23 cm.
650 _aGEN
654 _aCHU
942 _cLIB
_dJUS
_fJUS
_2ddc
_n
999 _c13159
_d13159